000 01018cam a2200325 a 4500
001 13849301
003 OSt
005 20140408085318.0
008 050125r20052003nyu j 000 1 eng
010 _a 2005002174
020 _a0439755700 (hardcover)
040 _aDLC
_cDLC
_dDLC
042 _alcac
050 0 0 _aPZ 7
_b.W860368Poi 2005
100 1 _aWooding, Chris,
_d1977-
_930596
245 1 0 _aPoison /
_cChris Wooding.
250 _a1st Orchard Books ed.
260 _aNew York :
_bOrchard Books,
_c2005.
300 _a273 p. :
_c22 cm.
521 _aG7
526 _c870
650 1 _aFairies
_vFiction.
_930597
650 1 _aStorytelling
_vFiction.
_930598
650 1 _aFantasy.
_93293
856 4 1 _3Table of contents only
_uhttp://www.loc.gov/catdir/toc/fy0614/2005002174.html
906 _a7
_bcbc
_corignew
_d1
_eecip
_f20
_gy-gencatlg
942 _2lcc
_cBK
999 _c42332
_d42332